Statistiques concernant Hémisphère Nord... ou Hémisphère Sud ?

Cliquez ici pour prendre le quiz!

Statistiques générales

  • Ce quiz a été pris 60 297 fois
  • Le résultat moyen est 14 sur 18

Statistiques - réponses

QuestionRéponse% Correct
LondresNord
99%
GroenlandNord
99%
Rio de JaneiroSud
97%
AngolaSud
94%
TanzanieSud
88%
Mont EverestNord
87%
Île de PâquesSud
80%
AntarctiqueSud
77%
Machu PicchuSud
77%
Vallée de la MortNord
75%
Pyramides de GizehNord
74%
PanamaNord
70%
Désert du KalahariSud
70%
Tropique du CapricorneSud
69%
IndeNord
62%
NigeriaNord
55%
Fosse des MariannesNord
48%
ManilleNord
45%

Distribution des résultats

Percentile par nombre de réponses

% des personnes avec chaque résultat

Votre développement - résultats

Vous n’avez pas pris ce quiz